1466 1600 1380 1266 1358 1167 1180 1832 1738 1339 1166 1062 1107 1868 1734 1804 1701 1133 1197 1115 1066 1051 1220 1488 1364 1561 1952 1131 1453 1190 1394 1386 1397 1177 1919 1150 1576 1230 1083 1755 1547 1978 1941 1556 1108 1580 1740 1599 1485 1733 1069 1387 1084 1442 1336 1616 1513 1381 1702 1848 1684 1313 1392 1561 1689 1280 1176 1403 1284 1429 1041 1504 1637 1008 1822 1149 1283 1929 1375 1553 1784 1822 1499 1221 1068 1404 1694 1665 1792 1670 1530 1119 1282 1489 1539 1722 1874 1283 1767 BCNSPRNW ULIB Ver.6.0+V

เปลี่ยนเป็นภาษาไทย

Change to English
 แสดงรายละเอียดบรรณานุกรม
  กลับหน้าหลัก

Brief Record : Get Marc (ISO 2709) : E-mail record : QR code < ปิดหน้าต่าง
LEADER : 00000nam 2200000uu 4500
001    13399128165
003     ULIB
008    220802s2563||||th 000 0 tha d
020    ^a9786168253250 :^c500 บาท
050    ^aนว.^bพ112ห
100  0 ^aพงศกร
245  1 ^aหุบผาราชินี /^cพงศกร
250    ^aพิมพ์ครั้งที่ 4
260    ^aกรุงเทพฯ :^bกรู๊ฟ พับลิชชิ่ง,^c2563
300    ^a605 หน้า
650    ^aนวนิยายไทย
945    ^p500^l0^i009254
999    ^aประนอม เกษจรัล
รายการนี้ยังไม่มีแท็ก
คุณยังไม่ได้ล็อกอิน คุณสามารถมีกิจกรรมร่วมกับเว็บไซต์ได้ แต่ต้องล็อกอินก่อน ::
  ล็อกอิน

รายการสื่อสารสนเทศ

ลำดับที่ ประเภท เลขเรียก/บาร์โค้ด สถานที่ สถานะ
1. นวนิยาย
นวนิยาย
นว. พ112ห ฉ.1 
  Barcode: 009254
ห้องสมุดวิทยาเขตนครสวรรค์
►นวนิยาย:l:Fiction
บนชั้น

รายการใกล้เคียง
    ผู้แต่ง [พงศกร]

    หัวเรื่อง [นวนิยายไทย]

BibComment


ยังไม่เคยถูกคอมเมนท์

คอมเมนท์ทรัพยากรรายการนี้
  คอมเมนท์: หุบผาราชินี พงศกร


 Copyright 2026. Bcnsprnw @Library